000
00238nam a2200097Ia 4500
001
642704
005
20250826153532.0
008
250824s9999 xx 000 0 und d
245
0
_a
SERÇE KUŞ
_c
CAHİT ZARİFOĞLU
260
_b
BEYAN YAYINLARI
999
_c
642704
_d
642704